Movies Quiz

Random Movies or Actor Quiz
Score 0/12 Timer 02:00
0 Plays Today
Question Answer Wrong Answers
Death Wish II (1982)
98.1%
1.9%
Every Which Way but Loose (1978)
93.4%
6.6%
Sudden Impact (1983)
92.5%
5.7%
The Outlaw Josey Wales (1976)
91.5%
5.7%
Hard Times (1975)
91.5%
8.5%
From Noon Till Three (1976)
91.5%
6.6%
Any Which Way You Can (1980)
91.5%
4.7%
Love and Bullets (1979)
88.7%
7.5%
The Gauntlet (1977)
80.2%
19.8%
Breakout (1975)
79.2%
17%
Bronco Billy (1980)
78.3%
19.8%
Breakheart Pass (1975)
72.6%
25.5%

You're not logged in!

Compare scores with friends on all Sporcle quizzes.
OR
Log In

Sporcle TV

Today on Sporcle TV


Watch our educational content, quiz creation guides, and fun videos on Sporcle TV.

Show Comments

Extras

Top Quizzes Today


Score Distribution

Paid Content

Your Account Isn't Verified!

In order to create a playlist on Sporcle, you need to verify the email address you used during registration. Go to your Sporcle Settings to finish the process.

Report this User

Report this user for behavior that violates our Community Guidelines.

Details: